000 01376nas1a22002891i 4500
001 RU\NLR\Per\1230268
005 20260407083747.0
035 _a(NLR Aleph) 011139453
090 _a11610702
_c11610702
100 _a20160520a20159999|||y0rusy50 ca
101 0 _arus
102 _aRU
110 _aau|||||||||
200 1 _aНаучный вестник Кубанского государственного университета. Медиакоммуникация
_dScientific bulletin of Kuban state university. Media communication
_fМ-во образования и науки Рос. Федерации
_zeng
210 _aКраснодар
_cКубанский государственный университет
_d2016 -
517 1 _aМедиакоммуникация
_zrus
606 _aМедиаобразование
_jПериодические издания
_92180774
_3RU\NLR\AUTH\661311454
606 _aСредства массовой информации
_jПериодические издания
_92114705
_3RU\NLR\AUTH\661277644
686 1 _aЧ312.7я54
686 1 _aС550.57я54
686 1 _aЧ600.0я52
710 0 2 _aКубанский государственный университет
_cКраснодар
_3RU\NLR\AUTH\8810948
_9294538
852 _aNLR
_jП2/1198
942 _cJOURNAL
980 _aRUSPER